<?xml version="1.0" encoding="UTF-8"?>
<collection xmlns="http://www.loc.gov/MARC21/slim">
<record>
  <controlfield tag="001">154378</controlfield>
  <controlfield tag="005">20250513101700.0</controlfield>
  <datafield tag="037" ind1=" " ind2=" ">
    <subfield code="a">TAZ-TFG-2024-563</subfield>
  </datafield>
  <datafield tag="041" ind1=" " ind2=" ">
    <subfield code="a">spa</subfield>
  </datafield>
  <datafield tag="100" ind1="1" ind2=" ">
    <subfield code="a">Sahún Calavia, Jaime Emilio</subfield>
  </datafield>
  <datafield tag="242" ind1="0" ind2="0">
    <subfield code="a">Study of adult attachment and its relationship with sexist behaviours in nursing students</subfield>
  </datafield>
  <datafield tag="245" ind1="0" ind2="0">
    <subfield code="a">Estudio del apego adulto y su relación con las conductas sexistas en estudiantes de enfermería</subfield>
  </datafield>
  <datafield tag="260" ind1=" " ind2=" ">
    <subfield code="a">Zaragoza</subfield>
    <subfield code="b">Universidad de Zaragoza</subfield>
    <subfield code="c">2024</subfield>
  </datafield>
  <datafield tag="506" ind1=" " ind2=" ">
    <subfield code="a">by-nc-sa</subfield>
    <subfield code="b">Creative Commons</subfield>
    <subfield code="c">3.0</subfield>
    <subfield code="u">http://creativecommons.org/licenses/by-nc-sa/3.0/</subfield>
  </datafield>
  <datafield tag="520" ind1=" " ind2=" ">
    <subfield code="a">Introducción: Diferentes estudios señalan que el apego y el sexismo están interrelacionados. &lt;br />Estudiar los patrones de apego y su relación con el sexismo puede contribuir a crear &lt;br />herramientas de mejora de la salud y las relaciones personales y profesionales. &lt;br />Objetivo: Analizar la relación entre el estilo de apego y las actitudes sexistas en estudiantes del &lt;br />Grado de Enfermería de la Universidad de Zaragoza. &lt;br />Metodología: Se ha diseñado un estudio transversal con cuestionario que incluyó un &lt;br />instrumento para valorar el apego y dos inventarios de sexismo. &lt;br />Desarrollo: Han participado 184 estudiantes, la mayoría mujeres (85.9%) y se observa &lt;br />predominancia del apego seguro (47.3%), pero también presencia de inseguros (evitativo &lt;br />23,3%, preocupado 15,2% y temeroso 14,1%). En cuanto al sexismo, se identificaron &lt;br />diferencias significativas entre los estilos de apego seguro y los apegos inseguros en las &lt;br />dimensiones de sexismo benevolente y hostil hacia hombres y mujeres. &lt;br />Conclusiones: Los hallazgos sugieren que los estilos de apego influyen en las actitudes &lt;br />sexistas, resaltando la importancia de abordar las implicaciones psicológicas y sociales de las &lt;br />relaciones de apego en contextos académicos y de salud.&lt;br />&lt;br /></subfield>
  </datafield>
  <datafield tag="521" ind1=" " ind2=" ">
    <subfield code="a">Graduado en Enfermería</subfield>
  </datafield>
  <datafield tag="540" ind1=" " ind2=" ">
    <subfield code="a">Derechos regulados por licencia Creative Commons</subfield>
  </datafield>
  <datafield tag="856" ind1="0" ind2=" ">
    <subfield code="f">816671@unizar.es</subfield>
  </datafield>
  <datafield tag="856" ind1="4" ind2=" ">
    <subfield code="s">495302</subfield>
    <subfield code="u">http://zaguan.unizar.es/record/154378/files/TAZ-TFG-2024-563.pdf</subfield>
    <subfield code="y">Memoria (spa)</subfield>
  </datafield>
  <datafield tag="909" ind1="C" ind2="O">
    <subfield code="o">oai:zaguan.unizar.es:154378</subfield>
    <subfield code="p">driver</subfield>
    <subfield code="p">trabajos-fin-grado</subfield>
  </datafield>
  <datafield tag="950" ind1=" " ind2=" ">
    <subfield code="a"></subfield>
  </datafield>
  <datafield tag="691" ind1=" " ind2=" ">
    <subfield code="a">3 5 10</subfield>
  </datafield>
  <datafield tag="692" ind1=" " ind2=" ">
    <subfield code="a">Como profesional de la salud, el estudio sobre la relación entre el estilo de apego y las actitudes sexistas en estudiantes de enfermería se vincula directamente con varios Objetivos de Desarrollo Sostenible (ODS). Por ejemplo, aborda el ODS 5, "Igualdad de Género", al examinar las actitudes sexistas y su relación con los estilos de apego, lo que contribuye a la promoción de relaciones más equitativas entre géneros. Además, se relaciona con el ODS 3, "Salud y Bienestar", al reconocer que las actitudes sexistas pueden influir en la salud emocional y las relaciones interpersonales, lo que subraya la importancia de abordar estas cuestiones en el ámbito de la salud. Este estudio también contribuye al ODS 10, "Reducir las Desigualdades", al destacar cómo los estilos de apego pueden influir en las actitudes discriminatorias, y cómo abordar estas diferencias puede promover una sociedad más inclusiva y equitativa en todos los ámbitos, incluida la atención médica.</subfield>
  </datafield>
  <datafield tag="700" ind1=" " ind2=" ">
    <subfield code="a">Gasch Gallén, Ángel</subfield>
    <subfield code="e">dir.</subfield>
  </datafield>
  <datafield tag="710" ind1="2" ind2=" ">
    <subfield code="a">Universidad de Zaragoza</subfield>
    <subfield code="b">Fisiatría y Enfermería</subfield>
    <subfield code="c">Enfermería</subfield>
  </datafield>
  <datafield tag="980" ind1=" " ind2=" ">
    <subfield code="a">TAZ</subfield>
    <subfield code="b">TFG</subfield>
    <subfield code="c">EUCS</subfield>
  </datafield>
  <datafield tag="999" ind1=" " ind2=" ">
    <subfield code="a">20240508201807.CREATION_DATE</subfield>
  </datafield>
  <datafield tag="951" ind1=" " ind2=" ">
    <subfield code="a">deposita:2025-05-13</subfield>
  </datafield>
</record>
</collection>